El primer arte cristiano, 200-395 / trad. por luis hernández alfonso

Guardado en:
Autor Principal: Grabar, André
Otros Autores: Hernández Alonso, Luis, trad.
Formato: Libro
Publicado: Madrid : Aguilar, 1967
Materias:
Etiquetas: Agregar Etiqueta
Sin Etiquetas, Sea el primero en etiquetar este registro!
LEADER 00606nam a22001935a 4500
001 EHU.bham041445
003 AR-BHAM
005 20120327102605.0
008 130507s1967##################000#0#####d
082 7 0 |a 704.94 
100 1 |a Grabar, André 
245 1 0 |a El primer arte cristiano, 200-395 /  |b trad. por luis hernández alfonso  |c  André Grabar : 
260 |a Madrid :  |b Aguilar,  |c 1967 
300 |a 326 p. 
653 |a Arte cristiano 
653 |a Arte-historia del 
653 |a Arte religioso 
700 1 |a Hernández Alonso, Luis, trad. 
859 |a AR-BHAM  |b BIB. HUMANIDADES - General  |h 704.94  |i G751-1  |p 583.11  |t Ej.1